[Event "Morbihan-ch 1213"]
[Site "France"]
[Date "2012.12.15"]
[Round "3"]
[White "Salauen, Michel"]
[Black "Hocher, Eugene"]
[Result "1-0"]
[WhiteElo "2005"]
[BlackElo "1754"]
[PlyCount "73"]
[EventDate "2012.10.27"]
[EventType "swiss"]
[EventRounds "7"]
[EventCountry "FRA"]
[SourceTitle "EXT 2014"]
[Source "ChessBase"]
[SourceDate "2013.11.20"]
[SourceVersion "1"]
[SourceVersionDate "2013.11.20"]
[SourceQuality "1"]

1. Nf3 Nf6 2. d4 d6 3. c4 g6 4. Nc3 Bg7 5. g3 0-0 6. Bg2 c6 7. 0-0 Nbd7 8. Qc2 Re8 9. Rd1 Qa5 10. e4 Ng4 11. Bd2 Qb6 12. h3 Nh6 13. b4 e5 14. c5 dxc5 15. bxc5 Qc7 16. d5 cxd5 17. Nxd5 Qc6 18. Rac1 Kh8 19. Nb4 Qc7 20. c6 Nf8 21. Qb3 f6 22. Bf1 b6 23. Nd5 Qf7 24. Bc4 Be6 25. Ba6 Bc8 26. Bb5 Ne6 27. c7 Nc5 28. Rxc5 bxc5 29. Bxh6 Bxh6 30. Bxe8 Qe6 31. Qb5 Bf8 32. Qc6 Qxh3 33. Nxf6 Be7 34. Nxe5 Be6 35. Qxa8 Kg7 36. Bd7 Bxf6 37. c8Q 1-0